| 000 | 01566nam a22003017a 4500 | ||
|---|---|---|---|
| 003 | OSt | ||
| 005 | 20250612104403.0 | ||
| 008 | 200217t2015 sp a|||dr|||| 00| f spa d | ||
| 020 |
_a9788496886506 _q9788499449302 |
||
| 040 |
_aCO--JMCR _cCO--JMCR |
||
| 041 | 1 |
_aspa _heng |
|
| 082 | 0 | 4 |
_aJ-N _bNORg |
| 100 | 1 |
_aNorthrop, Michael, _eautor _9638 |
|
| 245 | 1 | 4 |
_aLos guardianes del amuleto / _cMichael Northrop ; traducción de, Victoria Simó Perales |
| 250 | _a1a. edición | ||
| 260 |
_aBarcelona : _bUrano, _c©2015 |
||
| 300 |
_a188 páginas : _bilustraciones a color ; _c22 cm. |
||
| 490 | 0 |
_aTombquest _vlibro 2 |
|
| 500 | _aTitulo original: Amulet Keepers | ||
| 505 | _aUn muerto sale de paseo -- Vuelo nocturno -- Aterrizaje de emergencia -- Bienvenidos a Londres -- Fuga por los pelos -- Cambiazo -- Ruidos en la noche -- <<oh, no>> -- Trabajo de oficina -- Empieza la investigación -- Highgate -- Avenida egipcia -- Vacío -- Pelea -- La magia de los libros -- Un roce con el peligro -- lúgubres descubrimientos -- secuelas -- Noticias de última hora -- A plena luz del día -- La oscuridad que se vecina -- LA cripta -- Abajo, mucho más abajo -- Depredador al acecho -- El santuario -- El otro amuleto -- Hundimiento -- Siguientes pasos | ||
| 520 | _aLos caminantes de la muerte ya están entre nosotros. | ||
| 546 | 1 | _aTraducido del inglés | |
| 650 | 1 | 4 |
_aNovela _zEstadounidense _9643 |
| 650 | 1 | 4 |
_aNovela _xMisterios _9644 |
| 650 | 1 | 4 |
_aNovela _xMuertos _9645 |
| 700 | 1 |
_aSimó Perales, Victoria, _etraductora _9646 |
|
| 942 |
_2ddc _cBK |
||
| 999 |
_c6533 _d6533 |
||